00659nam a2200241 a 4500001001300000003000900013005001700022008004100039020000800080082001300088100001800101245004100119260003800160300000900198500003500207505001000242650002700252700001800279902000800297942000700305952009000312999001500402nice12345678IN_TiNIC20260116011546.0050524s1896 lona grp 000 0 eng  ac000a962bMUI aMuir, William aMameluke of Slave Dynasty of Eghypt. aLondonbSmith Elder and Co.c1896 a245p aincludes index and biblioraphy2 aIndex aEgypt-History-Mameluke1 aMuir, William bSRS cBK 00104070aHMIbHMId2008-09-02g0.00l0o962 MUIp545r2008-09-02w2026-01-16yARB c2607d2607